000 00546nam a2200229Ia 4500
008 210210b1939 xxu||||| |||| 00| 0 eng d
041 _aeng
082 _a821/138
100 _aCHAUCER (G)
245 _aPrologue the knights tale the ninne prestes tale: Morris
260 _aOxford
_bAt the Clarendon Press
_c1939
650 _athe
650 _atale:
650 _atale
650 _aPrologue
650 _aprestes
650 _aninne
650 _aMorris
650 _aknights
690 _aEnglish Literature
906 _a011307
999 _c129982
_d129982